00911nam a2200241 a 4500003000900000005001700009008004100026040001300067110005100080245014600131260006000277300002900337650002800366650002600394650003300420650002300453650002200476653002200498653001200520653002200532653003100554711008400585AR-BaBNM20251128210727.0082120s2002 ||||||||||||||000 | spa|| cAR-BaBNM1 aArgentinabMinisterio de Cultura y Educación00aFortalecimiento de la función del personal docente en un mundo cambiante bStrengthening the work of the teaching staff in a changing world aBuenos AiresbMinisterio de Cultura y Educaciónc1996 a103 p.bgráfs., tablas 4aCALIDAD DE LA EDUCACION 4aFORMACION DE DOCENTES 4aORGANIZACION DE LA EDUCACION 4aEDUCACION Y EMPLEO 4aDESCENTRALIZACION aREFORMA EDUCATIVA aEQUIDAD aSISTEMA EDUCATIVO aFORMACION DOCENTE CONTINUA2 aConferencia Internacional de Educación. Reuniónn45ªcGinebra, Suizad1996